Film dont le titre commence par un X, un Y ou un Z (1) - Statistiques

Statistiques générales
  • Ce quiz a été pris 7 fois
  • Le résultat moyen est 6 sur 30
Statistiques - réponses
Année Réalisateur Genre 1 acteur ou
1 actrice
Titre % Correct
1969 Costa-Gavras Politique Yves Montand Z
100%
2002 Rob Cohen Action Vin Diesel XXX
83%
1988 David Zucker Comédie Leslie Nielsen Y-a-t-il un flic pour sauver la reine
67%
1980 D et Z Zucker Comédie Leslie Nielsen Y-a-t-il un pilote dans l'avion
67%
2018 Benoit Forgeard Comédie William Lebghil Yves
67%
2014 Jali Lespert Biographie Pierre Niney Yves Saint-Laurent
67%
1994 Peter Segal Comédie Leslie Nielsen Y-a-t-il un flic pour sauver Hollywood
50%
1991 David Zucker Comédie Leslie Nielsen Y-a-t-il un flic pour sauver le président
50%
2001 Allan Goldstein Comédie Leslie Nielsen Y-a-t-il un flic pour sauver l'humanité
17%
1981 Serif Goren Drame Yilmaz Guney Yol
17%
2016 DJ Caruso Action Tony Gonzalez XXX Reactivated
0%
1974 Sydney Pollack Thriller Robert Mitchum Yakuza
0%
1982 Peter Graves Comédie Robert Hays Y-a-t-il enfin un pilote dans l'avion
0%
1982 Jean-Claude Romer Comédie dramatique Victor Lanoux Y-a-t-il un Français dans la salle
0%
1983 Jean-Claude Roy Comédie Paul Préboist Y-a-t-il un pirate sur l'antenne
0%
1974 Raoul André Comédie Paul Préboist Y'a un os dans la moulinette
0%
1977 Mino Guerrini Comédie Mario Marenco Ya ya mon colonel
0%
1986 Paul Boujenah Comédie Ugo Tognazzi Yiddish connection
0%
1982 Antonio Margheriti Aventures Reb Brown Yor le chasseur du futur
0%
1937 Max Ophuls Drame Pierre-Richard Wilm Yoshiwara
0%
1988 Christopher Cain Western Lou Diamond Philips Young guns
0%
1964 Pierre Etaix Comédie Pierre Etaix Yoyo
0%
1989 Christine Pascal Drame Valérie Schlumberger Zanzibar
0%
1956 René Gaveau Drame Robert Dalban Zaza
0%
1971 Etienne Périer Espionnage Michael York Zeppelin
0%
2005 Frederik Du Chau Aventures Philippe Dumas Zig zag
0%
1996 John Tatoulis Science fiction Peter Phelps Zone 39
0%
1985 Robert Enrico Drame Richard Anconina Zone rouge
0%
2014 Blandine Lenoir Drame Olivier Broche Zouzou
0%
2013 Jérôme Salle Policier Thenjiwe Stemela Zulu
0%
Aucun quiz correspondant
Distribution des résultats
% des personnes avec chaque résultat
Percentile par nombre de réponses
Votre historique - résultats
Vous n’avez pas pris ce quiz